• 首页
  • 本馆介绍
  • 公告通知
  • 最新文献
  • 馆藏检索
  • 电子资源
  • 读者导购
  • 参考咨询
  • 我的图书馆
  • 登录
  • 详细信息显示
  • 放入我的书架
  • 预约/预借图书
  • 作者相关作品
  • 分类相关作品
  • 丛书相关作品
  • 出版社相关作品

书目信息

  • 表格格式
  • 工作单格式
  • 卡片格式
题名:
化学实验安全手册
    
 
作者: ;陈琼 译 ;日本《化学同人编辑部》 编
分册:  
出版信息: 南宁   广西人民出版社  1980
页数: 116页
开本: 19cm
丛书名:
单 册:
中图分类: O6-37
科图分类:
主题词: 化学实验--安全技术--手册
电子资源:
ISBN:
000 00741nam0 2200229 45
001 0180005092
005 20060801104403.98
010    @dCNY0.42
100    @a19950421d1980 em y0chiy0121 ea
101 0  @achi
102    @aCN@b450000
105    @ay z 000yy
200 10 @a化学实验安全手册@Ahua xue shi yan an quan shou ce@f日本《化学同人编辑部》编@Fri ben《hua xue tong ren bian ji bu》bian@g陈琼译
210    @a南宁@c广西人民出版社@d1980@g1981
215    @a116页@d19cm
606    @a化学实验@x安全技术@x手册
690    @aO6-37@v3
702  0 @a陈琼@Achen qiong@4译
711  0 @a日本《化学同人编辑部》@Ari ben《hua xue tong ren bian ji bu》@4编
801  2 @aCN@bNLC@c20060801
801  0 @aCN@bTSSF@c20060731
905    @a10447@dO6-37@e304
    
    化学实验安全手册/日本《化学同人编辑部》编/陈琼译.-南宁:广西人民出版社,1980(1981)
    116页;19cm
    
    
    ISBN :CNY0.42
    
●
相关链接 在E读中查询图书 在五车中查询图书 在当当中查询图书 在豆瓣中查询图书


正题名:化学实验安全手册     索取号:O6-37/304         预约/预借

序号 登录号 条形码 馆藏地/架位号 状态 备注
1 0432032   204320323   密集书库/ [索取号:O6-37/304] 在馆    
2 0434367   204343674   密集书库/ [索取号:O6-37/304] 在馆    
3 0443106   204431061   密集书库/ [索取号:O6-37/304] 在馆    
4 0443107   204431070   密集书库/ [索取号:O6-37/304] 在馆    
唐山师范学院图书馆 欢迎您!
大连网信软件有限公司© 版权所有